000 00309nam a22001217a 4500
082 _a355.009243
_bDOD
245 _aGreat Captains Napoleon Vol iv
260 _aLondon
_bGay & Bird
_cc1907
300 _aP 747
_bill
_c22cm
526 _a0
_b0
_c0
_d355_009243000000000_DOD
650 _aMCE
_9379
942 _2ddc
_cBK
999 _c552111
_d552111